| 000 | 01033nam0a2200325 4500 | ||
|---|---|---|---|
| 001 | RU\NLR\BIBL_A\022526016 | ||
| 005 | 20260121135035.0 | ||
| 010 | _a978-5-0065-4247-1 | ||
| 021 |
_aRU _bКН-П-25-012219 _9КН-П-25-1227 |
||
| 035 | _a(NLR Aleph) 022526016 | ||
| 090 |
_a13450452 _c13450452 |
||
| 100 | _a20250418d2025 u y0rusy50 ca | ||
| 101 | 0 | _arus | |
| 102 | _aRU | ||
| 105 | _ay z 000zy | ||
| 181 | 0 |
_ai _baxxe |
|
| 182 | 0 | _an | |
| 200 | 1 |
_aЗрети отай _e[роман] _fГалина Арсанова |
|
| 203 |
_aТекст _bвизуальный _cнепосредственный |
||
| 210 |
_a[Б. м.] _cИздательские решения _d2025 |
||
| 215 |
_a203, [2] с. _d21 |
||
| 333 | _a18+ | ||
| 686 | 2 | _aШ6(2=Р)8-445 | |
| 700 | 1 |
_aАрсанова _bГ. И. _f1933- _gГалина Ивановна _3RU\NLR\AUTH\7749249 |
|
| 942 | _cBOOK | ||
| 980 | _aNB | ||
| 980 | _aNB | ||